La batalla del 5 de mayo / (Record no. 5497)

MARC details
000 -CABECERA
campo de control de longitud fija 00876nam a2200205 a 4500
005 - FECHA Y HORA DE LA ÚLTIMA TRANSACCIÓN
campo de control 20240413063722.0
008 - ELEMENTOS DE LONGITUD FIJA--INFORMACIÓN GENERAL
campo de control de longitud fija 991125s1963 mx 000 0 spa u
035 ## - NÚMERO DE CONTROL DEL SISTEMA
Número de control de sistema UPN01000005497
049 ## - COLECCIÓN
Colección CG
050 #4 - SIGNATURA TOPOGRÁFICA DE LA BIBLIOTECA DEL CONGRESO
Número de clasificación F1233.11
Número de documento/Ítem B3.2
245 03 - MENCIÓN DE TÍTULO
Título La batalla del 5 de mayo /
Mención de responsabilidad, etc. Miguel A. Sánchez Lamego ... [et al.].
260 ## - PUBLICACIÓN, DISTRIBUCIÓN, ETC.
Lugar de publicación, distribución, etc. México :
Nombre del editor, distribuidor, etc. Sociedad Mexicana de Geografía y Estadística, Sección de Historia,
Fecha de publicación, distribución, etc. 1963.
300 ## - DESCRIPCIÓN FÍSICA
Extensión 198 p.
440 #0 - MENCIÓN DE SERIE/ASIENTO SECUNDARIO--TÍTULO
Título Colección del Congreso Nacional de Historia para el Estudio de la Guerra de Intervención ;
Designación de volumen o secuencia 20
500 ## - NOTA GENERAL
Nota general "Publicaciones especiales del Primer Congreso Nacional de Historia para el Estudio de la Guerra de Intervención"
650 #4 - ASIENTO SECUNDARIO DE MATERIA - TERMINO TEMATICO
Término de materia o nombre geográfico como elemento de entrada PUEBLA, BATALLA DE, 1862
9 (RLIN) 4549
651 #4 - ASIENTO SECUNDARIO DE MATERIA - NOMBRE GEOGRAFICO
Nombre geográfico México
Subdivisión general Historia
Subdivisión cronológica Intervención y Segundo Imperio, 1861-1867
9 (RLIN) 10588
700 1# - ASIENTO SECUNDARIO--NOMBRE DE PERSONAL
Nombre de persona Sánchez Lamego, Miguel A.,
Término indicativo de función/relación coaut.
905 ## - TIPO DE MATERIAL
Tipo de material Libro
Holdings
Estado de retiro Estado de pérdida Fuente del sistema de clasificación o colocación Estado dañado No para préstamo Código de colección Localización permanente Ubicación/localización actual Ubicación en estantería Total de préstamos Clasificación Código de barras Fecha visto por última vez Número de copia Tipo de ítem Koha
    Library of Congress Classification     Colección General Bib. Gregorio Torres Quintero Bib. Gregorio Torres Quintero Planta baja 2 F1233.11 B3.2 15328 31/12/2020 1 Libro
    Library of Congress Classification     Colección General Bib. Gregorio Torres Quintero Bib. Gregorio Torres Quintero Planta baja 1 F1233.11 B3.2 10076 31/12/2020 1 Libro
    Library of Congress Classification     Colección General Bib. Gregorio Torres Quintero Bib. Gregorio Torres Quintero Planta baja 3 F1233.11 B3.2 15327 31/12/2020 1 Libro